| 000 | 09278nam0a22005411 4500 | ||
|---|---|---|---|
| 001 | RU\NLR\BIBL_A\012016497 | ||
| 005 | 20190723165550.0 | ||
| 035 | _a(NLR Aleph) 012016497 | ||
| 090 |
_a11476822 _c11476822 |
||
| 100 | _a20190520j181702 m a0rusy50 ca | ||
| 101 | 0 | _arus | |
| 102 | _aRU | ||
| 105 | _ay n 000yy | ||
| 200 | 1 |
_aУказ его императорскаго величества самодержца всероссийскаго, _e[О рассылке положения Комитета министров "О недозволении получающим в нынешнее время орден св. Иоанна Иерусалимского носить оный"] _fиз Правительствующаго Сената |
|
| 210 |
_a[Б.м. _dфевр. 1817] |
||
| 215 |
_a[2] с. _d2° |
||
| 300 | _aСенат. указ от февр. 1817 г. о рассылке высочайше утвержденного 20 янв. 1817 г. положения Комитета министров (ПСЗ. Т.34. 26626) | ||
| 300 | _aНапеч. на одной стороне листа | ||
| 300 | _aТекст начинается словами: Правительствующий Сенат слушав предложение господина действительнаго тайнаго советника, министра юстиции и кавалера Дмитрия Прокофьевича Трощинскаго, при котором предложил копию с выписки из журнала Комитета г.г. министров, состоявшагося 20 генваря сего года и удостоеннаго высочайшаго его императорскаго величества утверждения, следующаго содержания: "Слушан внесенный генералом от артиллерии графом Аракчеевым рапорт начальнику Главнаго штаба его императорскаго величества, командира отдельнаго корпуса внутренней стражи генерал-адъютанта графа Комаровскаго ... | ||
| 300 | _aВ ПСЗ текст положения начинается словами: Слушан внесенный генералом от артиллерии графом Аракчеевым рапорт начальнику Главного штаба его императорского величества, командира отдельного корпуса внутренней стражи генерал-адъютанта графа Комаровского ... | ||
| 300 | _aВ конце текста дата рассылки: Февраля дня 1817 года. | ||
| 300 | _aВ левом нижнем углу: По 1му Департаменту. О не дозволении получающим в нынешнее время орден св. Иоанна Иерусалимскаго, носить оный | ||
| 316 |
_aЭкз. РНБ (135/310-1817-23) является частью владельческого конволюта. Припл. к: Указ его императорскаго величества самодержца всероссийскаго,: [О дозволении принимать в военно-сиротские отделения детей, не принадлежащих военному ведомству] / из Правительствующаго Сената. - [Б.м., янв. 1817]. Вверху с. рукоп. надпись: "№ 22. Получено 7 марта. Указ принят к сведению о получении Сенату отрапортовано". После загл. перед текстом рукоп. запись: "Правлению Государственнаго ассигнационнаго банка". Слева от текста рукоп. запись: "№ 5619". Внизу с. рукоп. запись: "В жур. 8 марта". В конце текста от руки вписана дата: 28. После текста рукоп. подписи: Обер-секретарь "Хоржевский"; Секретарь: "Вилинский"; Повытчик "Зенкович". _5NLR: 135/310-1817-23 |
||
| 482 | 0 |
_1RU\NLR\BIBL_A\012009541 _12001#$aУказ его императорскаго величества самодержца всероссийскаго,$e[О дозволении принимать в военно-сиротские отделения детей, не принадлежащих военному ведомству]$fиз Правительствующаго Сената _1210##$a[Б.м.$dянв. 1817] |
|
| 517 | 1 | _aО недозволении получающим в нынешнее время орден св. Иоанна Иерусалимского носить оный | |
| 517 | 1 | _aО не дозволении получающим в нынешнее время орден св. Иоанна Иерусалимскаго, носить оный | |
| 517 | 1 | _aПравительствующий Сенат слушав предложение господина действительнаго тайнаго советника, министра юстиции и кавалера Дмитрия Прокофьевича Трощинскаго, при котором предложил копию с выписки из журнала Комитета г.г. министров, состоявшагося 20 генваря сего года и удостоеннаго высочайшаго его императорскаго величества утверждения, следующаго содержания: "Слушан внесенный генералом от артиллерии графом Аракчеевым рапорт начальнику Главнаго штаба его императорскаго величества, командира отдельнаго корпуса внутренней стражи генерал-адъютанта графа Комаровскаго ... | |
| 517 | 1 | _aСлушан внесенный генералом от артиллерии графом Аракчеевым рапорт начальнику Главного штаба его императорского величества, командира отдельного корпуса внутренней стражи генерал-адъютанта графа Комаровского ... | |
| 518 | 1 | _aУказ его императорского величества самодержца всероссийского, | |
| 518 | 1 | _aО недозволении получающим в нынешнее время орден св. Иоанна Иерусалимского, носить оный | |
| 518 | 1 | _aПравительствующий Сенат слушав предложение господина действительного тайного советника, министра юстиции и кавалера Дмитрия Прокофьевича Трощинского, при котором предложил копию с выписки из журнала Комитета г.г. министров, состоявшегося 20 генваря сего года и удостоенного высочайшего его императорского величества утверждения, следующего содержания: "Слушан внесенный генералом от артиллерии графом Аракчеевым рапорт начальнику Главного штаба его императорского величества, командира отдельного корпуса внутренней стражи генерал-адъютанта графа Комаровского ... | |
| 606 | 1 |
_aЗаконодательство _yРоссия _z1801 - 1825 _2nlr-sh2 _3RU\NLR\AUTH\6601594564 |
|
| 686 | _aХ2(2)47-3 | ||
| 702 | 0 |
_aАлександр _cимператор российский _dI _f1777-1825 _3RU\NLR\AUTH\775342 _4720 |
|
| 702 | 1 |
_aХоржевский _bП. И. _f1767-1828 _gПавел Иванович _5NLR: 135/310-1817-23 _3RU\NLR\AUTH\770200854 _4720 |
|
| 702 | 1 |
_aЗенкович _bИ. Ю. _gИгнатий Юрьевич _5NLR: 135/310-1817-23 _3RU\NLR\AUTH\770202699 _4720 |
|
| 702 | 1 |
_aКомаровский _bЕ. Ф. _f1769-1843 _gЕвграф Федорович _3RU\NLR\AUTH\7715782 _4570 |
|
| 702 | 1 |
_aВилинский _bА. С. _gАлександр Степанович _5NLR: 135/310-1817-23 _3RU\NLR\AUTH\770201758 _4720 |
|
| 710 | 0 | 1 |
_aРоссия _bИмператор _c1801-1825; Александр I _3RU\NLR\AUTH\8810042745 |
| 711 | 0 | 1 |
_aРоссия _bСенат _3RU\NLR\AUTH\889948534 |
| 711 | 0 | 1 |
_aРоссия _bКомитет министров _3RU\NLR\AUTH\8810082470 |
| 712 | 0 | 1 |
_aРоссия _bГосударственный ассигнационный банк _3RU\NLR\AUTH\889926405 _4660 |
| 852 |
_aNLR _j135/310-1817-23 |
||
| 942 | _cBOOK | ||
| 980 | _aNB | ||
| 980 | _aA1UKAZ | ||